000
00310nam a2200145Ia 4500
100
_a
Shah/Prakash
650
_a
Electrical Engineering
942
_c
RB
654
_a
Rewinding
245
_a
Motor Rewinding
260
_b
Arna Vidyuth Shala
_a
Pune
_c
1990
300
_a
272
546
_a
MARATHI
999
_c
26855
_d
26855